000 00680nam a2200205Ii 4500
003 JO-AjNU
008 230605s9999||||xx |||||||||||||| ||und||
040 _aJO-AjNU
_bara
_erda
_cJO-AjNU
041 _aara
050 1 4 _aPJ7876.A96.Z5235 1986
100 3 _aالعزاوي،نعمة رحيم,
_eauthor
_99422
245 0 0 _aأحمد حسن الزيات كاتبا وناقدا
250 _aط2
264 3 1 _aبغداد: دار الشؤون الثقافية، 1986
300 _a196ص
336 _atext
_btxt
_2rdacontent
337 _aunmediated
_bn
_2rdamedia
338 _avolume
_bnc
_2rdacarrier
650 4 _aالشعر العربي - تحليل ونقد - تراجم
_99423
999 _aA1294
_c4862
_d4862